| 000 | 02627nam a22005657a 4500 | ||
|---|---|---|---|
| 003 | CHAP | ||
| 005 | 20220817042201.0 | ||
| 008 | 971013s1949 r 00010 d | ||
| 010 | _a37012 | ||
| 011 | _a37984 | ||
| 035 | _a42104 | ||
| 040 | _cCHAP | ||
| 082 |
_a338.1731 _bF39 |
||
| 110 | _aFAO | ||
| 245 | _aEstadísticas del comercio mundial de cereales | ||
| 260 |
_aRoma : _bFAO, _c1949 - |
||
| 300 | _av. | ||
| 500 | _aLa biblioteca tiene: | ||
| 590 |
_aBATCH-UPD _b10 _c20130110 _lUCH01 _h2246 |
||
| 590 |
_aBATCH-UPD _b10 _c20130410 _lUCH01 _h1539 |
||
| 590 |
_aBATCH-UPD _b10 _c20130914 _lUCH01 _h0913 |
||
| 590 |
_aCONVERSION _b10 _c20130109 _lUCH01 _h1321 |
||
| 650 | 1 | 4 |
_aCereales _xMercadeo _xEstadísticas. _921439 |
| 901 | _aBK | ||
| 942 | _cLIBRO | ||
| 949 |
_a338.1731 F39 _bBC _cFAO _d-150332 _eFAO1 _f1957-58 _i42104 _si |
||
| 949 |
_a338.1731 F39 _bBC _cFAO _d-150333 _eFAO2 _f1957-58 c.2 _i42104 _si |
||
| 949 |
_a338.1731 F39 _bBC _cFAO _d-150334 _eFAO2 _f1957-58 c.3 _i42104 _si |
||
| 949 |
_a338.1731 F39 _bBC _cFAO _d-150335 _eFAO1 _f1958-59 _i42104 _si |
||
| 949 |
_a338.1731 F39 _bBC _cFAO _d-150336 _eFAO2 _f1958-59 c.2 _i42104 _si |
||
| 949 |
_a338.1731 F39 _bBC _cFAO _d-150337 _eFAO1 _f1959-60 _i42104 _si |
||
| 949 |
_a338.1731 F39 _bBC _cFAO _d-150338 _eFAO2 _f1959-60 c.2 _i42104 _si |
||
| 949 |
_a338.1731 F39 _bBC _cFAO _d-150339 _eFAO2 _f1959-60 c.3 _i42104 _si |
||
| 949 |
_a338.1731 F39 _bBC _cFAO _d-150340 _eFAO2 _f1959-60 c.4 _i42104 _si |
||
| 949 |
_a338.1731 F39 _bBC _cFAO _d-150341 _eFAO1 _f1961-62 _h26372 _i42104 _si |
||
| 949 |
_a338.1731 F39 _bBC _cFAO _d-150342 _eFAO1 _f1963-64 _h26373 _i42104 _si |
||
| 949 |
_a338.1731 F39 _bBC _cFAO _d-150343 _eFAO1 _f1964-65 _h26374 _i42104 _si |
||
| 949 |
_a338.1731 F39 _bBC _cFAO _d-150344 _eFAO1 _f1965-66 _h26375 _i42104 _si |
||
| 949 |
_a338.1731 F39 _bBC _cFAO _d-150345 _eFAO1 _f1966-67 _h12231 _i42104 _si |
||
| 949 |
_a338.1731 F39 _bBC _cFAO _d-150346 _eFAO1 _f1966-67 c.2 _h12360 _i42104 _si |
||
| 949 |
_a338.1731 F39 _bBC _cFAO _d-150347 _eFAO1 _f1967-68 _h15695 _i42104 _si |
||
| 949 |
_a338.1731 F39 _bBC _cFAO _d-150348 _eFAO1 _f1969-70 _h8888 _i42104 _si |
||
| 949 |
_a338.1731 F39 _bBC _cFAO _d-150349 _eFAO1 _f1970-71 _h886 _i42104 _si |
||
| 949 |
_a338.1731 F39 _bBC _cFAO _d-150350 _eFAO2 _f1970-71 c.2 _h887 _i42104 _si |
||
| 949 |
_a338.1731 F39 _bBC _cFAO _d-150351 _eFAO1 _f1971-72 _h28534 _i42104 _si |
||
| 949 |
_a338.1731 F39 _bBC _cFAO _d-150352 _eFAO1 _f1972-73 _h30884 _i42104 _si |
||
| 949 |
_a338.1731 F39 _bBC _cFAO _d-150353 _eFAO1 _f1972-73 c.2 _h33784 _i42104 _si |
||
| 949 |
_a338.1731 F39 _bBC _cFAO _d-150354 _eFAO1 _f1973-74 _h33541 _i42104 _si |
||
| 949 |
_a338.1731 F39 _bBC _cFAO _d-150355 _eFAO1 _f1973-74 c.2 _h34793 _i42104 _si |
||
| 999 |
_c37012 _d37012 |
||